| 000 | 00833nas a2200277 4500 | ||
|---|---|---|---|
| 001 | BR0203510 | ||
| 003 | BR-BrBNA | ||
| 005 | 20231205103113.0 | ||
| 007 | ta | ||
| 008 | 230509b bl.|||p| |||| 00| 00por d | ||
| 040 |
_aBR-BrBNA _bpor _cBiblioteca Nacional de Agricultura |
||
| 041 | _a(En) | ||
| 072 | _aF30; H20 | ||
| 100 | 1 | _aLima, R.C.A. | |
| 100 | 1 | _aSouza Júnior, M.T. | |
| 100 | 1 | _aPio-Ribeiro, G. | |
| 100 | 1 | _aLima, J.A.A. | |
| 245 | 1 | _aSequences of the coat protein gene from brazilian isolates of Papaya ringspot virus | |
| 650 | _aMAMÃO | ||
| 650 | _aMANCHA ANELAR | ||
| 650 | _aGENE | ||
| 650 | _aVARIEDADE RESISTENTE | ||
| 773 | 0 |
_tFitopatologia Brasileira (Brazil) _xISSN 0100-4158 _g(Mar-Apr 2002), v. 27(2) p. 174-180 _wBR0203510 |
|
| 909 |
_a202311 _bLúcia _c55 _dLúcia Elande |
||
| 942 |
_2AGRIS _n0 _cANA |
||
| 999 |
_c171091 _d171091 |
||